000 00251nam a22001097a 4500
008 160523b xxu||||| |||| 00| 0 eng d
020 _a0813515890
041 _aeng
080 _a003.2
245 _aEskimo essays:
_cAnn Fienup Riordan;
942 _2udc
_cBK
999 _c2407
_d2407